Северная Русь и Балтика в середине XII столетия: к 850-летию героической обороны Ладоги и победы на реке Вороной (Запись № 10448997)
[ простой вид ]
| 000 -МАРКЕР | |
|---|---|
| контрольное поле | 02305nam0a2200313 i 4500 |
| 001 - ИДЕНТИФИКАТОР ЗАПИСИ | |
| контрольное поле | RU\NLR\BIBL_A\010577741 |
| 005 - ИДЕНТИФИКАТОР ВЕРСИИ | |
| контрольное поле | 20241213083836.0 |
| 010 ## - МЕЖДУНАРОДНЫЙ СТАНДАРТНЫЙ НОМЕР КНИГИ (ISBN) | |
| Номер (ISBN) | 978-5-9904765-2-4 |
| Тираж | 300 |
| 035 ## - ДРУГИЕ СИСТЕМНЫЕ НОМЕРА | |
| Идентификатор записи | (NLR Aleph) 010577741 |
| 100 ## - ДАННЫЕ ОБЩЕЙ ОБРАБОТКИ | |
| Данные общей обработки | 20141225d2014 km y0rusy50 ca |
| 101 0# - ЯЗЫК РЕСУРСА | |
| Язык текста, звукозаписи и т.д. | русский |
| 102 ## - СТРАНА ПУБЛИКАЦИИ ИЛИ ПРОИЗВОДСТВА | |
| Страна публикации | Российская Федерация |
| 105 ## - ПОЛЕ КОДИРОВАННЫХ ДАННЫХ: ТЕКСТОВЫЕ МАТЕРИАЛЫ, МОНОГРАФИЧЕСКИЕ | |
| Кодированные данные о монографическом текстовом документе | ab||z|||100yy |
| 200 1# - ЗАГЛАВИЕ И СВЕДЕНИЯ ОБ ОТВЕТСТВЕННОСТИ | |
| Основное заглавие | Северная Русь и Балтика в середине XII столетия: к 850-летию героической обороны Ладоги и победы на реке Вороной |
| Сведения, относящиеся к заглавию | сборник статей по материалам конференции, 28-29 апреля 2014 г., Волхов - Старая Ладога - Самушкино |
| Первые сведения об ответственности | [редкол.: С.Л. Кузьмин и др.] |
| 210 ## - ПУБЛИКАЦИЯ, РАСПРОСТРАНЕНИЕ И ДР. | |
| Место издания, распространения и т.д. | Санкт-Петербург |
| Имя издателя, распространителя и т. д. | Культурно-просветительское товарищество |
| Дата издания, распространения и т.д. | 2014 |
| 215 ## - ФИЗИЧЕСКАЯ ХАРАКТЕРИСТИКА | |
| Специфическое обозначение материала и объем | 299 с. |
| Другие сведения о физической характеристике | ил., карт. |
| Размеры | 20 |
| 300 ## - ОБЩИЕ ПРИМЕЧАНИЯ | |
| Текст примечания | В надзаг.: Правительство Ленингр. обл., Ком. по местн. самоуправлению, межнац. и межконфессион. отношениям, Администрация МО "Волх. муницип. р-н", С.-Перерб. гос. ун-т [и др.] |
| 316 ## - ПРИМЕЧАНИЯ ОБ ОСОБЕННОСТЯХ ЭКЗЕМПЛЯРА | |
| Текст примечания | С автогр. некоторых авт. |
| Организация и экземпляр, к которому относится поле | NLR |
| 606 1# - НАИМЕНОВАНИЕ ТЕМЫ КАК ПРЕДМЕТ | |
| Наименование темы | Битва на реке Вороной |
| Формальный подзаголовок | Съезды, совещания и т.п |
| Хронологический подзаголовок | 1164 |
| Системный номер авторитетной/нормативной записи | 2215199 |
| Идентификатор авторитетной/нормативной записи | RU\NLR\AUTH\6601564061 |
| 607 ## - ГЕОГРАФИЧЕСКОЕ НАИМЕНОВАНИЕ КАК ПРЕДМЕТ | |
| Географическое наименование | Россия |
| Формальный подзаголовок | Съезды, совещания и т.п |
| Тематический подзаголовок | История |
| Географический подзаголовок | Северо-Запад |
| Системный номер авторитетной/нормативной записи | 2532130 |
| Идентификатор авторитетной/нормативной записи | RU\NLR\AUTH\661499774 |
| 686 1# - ИНДЕКСЫ ДРУГИХ КЛАССИФИКАЦИЙ | |
| Индекс | Ц35(2)430я431 |
| 686 1# - ИНДЕКСЫ ДРУГИХ КЛАССИФИКАЦИЙ | |
| Индекс | Т3(2Р31)я431 |
| 702 #1 - ИМЯ ЛИЦА - ВТОРИЧНАЯ ОТВЕТСТВЕННОСТЬ | |
| Код отношения | Редактор |
| Графика поля | Кириллица |
| Материалы, к которым относится поле | rus |
| Начальный элемент ввода | Кузьмин |
| Часть имени, кроме начального элемента ввода | С. Л. |
| Дополнения к именам, кроме дат | археолог |
| Расширение инициалов личного имени | Сергей Леонидович |
| Системный номер авторитетной/нормативной записи | 140230 |
| Идентификатор авторитетной/нормативной записи | RU\NLR\AUTH\770140266 |
| 711 12 - НАИМЕНОВАНИЕ ОРГАНИЗАЦИИ - АЛЬТЕРНАТИВНАЯ ОТВЕТСТВЕННОСТЬ | |
| Начальный элемент ввода | "Северная Русь и Балтика в середине XII столетия", конференция |
| Место проведения временной организации | Волхов/пос. Старая Ладога, Ленинградская обл. и др. |
| Дата проведения временной организации | 2014 |
| Системный номер авторитетной/нормативной записи | 437297 |
| Идентификатор авторитетной/нормативной записи | RU\NLR\AUTH\880385527 |
| 942 ## - ДОПОЛНИТЕЛЬНЫЕ ЭЛЕМЕНТЫ ЗАПИСИ (АБИС) | |
| Тип экземпляра АБИС | Книга |
| 980 ## - КОЛЛЕКЦИЯ | |
| Название коллекции | НБР |
Нет доступных экземпляров.